BASIC ACCOUNTING (Record no. 15991)

MARC details
000 -LEADER
fixed length control field 00282nam a2200121Ia 4500
008 - FIXED-LENGTH DATA ELEMENTS--GENERAL INFORMATION
fixed length control field 240624s9999 xx 000 0 und d
041 ## - LANGUAGE CODE
Language code of text/sound track or separate title eng
082 ## - DEWEY DECIMAL CLASSIFICATION NUMBER
Classification number 657 SOF
100 ## - MAIN ENTRY--PERSONAL NAME
Personal name SOFAT RAJNI
245 ## - TITLE STATEMENT
Title BASIC ACCOUNTING
260 ## - PUBLICATION, DISTRIBUTION, ETC.
Date of publication, distribution, etc. 2009
Place of publication, distribution, etc. New Delhi
Name of publisher, distributor, etc. PHI Learning
365 ## - TRADE PRICE
Currency code RS
Price amount 27
Holdings
Withdrawn status Lost status Damaged status Not for loan Home library Current library Shelving location Date acquired Source of acquisition Cost, normal purchase price Total Checkouts Total Renewals Full call number Barcode Date last seen Date last checked out Copy number Price effective from Koha item type
        IMTN IMTN Rack 20-A 12/08/2010 BWE 350.00 4 1 657 SOF 15991 01/11/2025 01/02/2025 1 06/24/2024 Books
Designed & Maintained by: LRC IMT Nagpur Contact: lrc@imtnag.ac.in© 2024. All Rights Reserved.